IEEE transactions on systems, man, an cybernetics

Gespeichert in:
Bibliographische Detailangaben
Format: Schriftenreihe
Sprache:Englisch
Veröffentlicht: New York Institute of Electrical and Electronics Engineers
Tags: Tag hinzufügen
Keine Tags, Fügen Sie das erste Tag hinzu!

MARC

LEADER 00000nas1a2200000$$$4500
001 0016167
005 20250730114821.1
041 0 |a eng 
044 |a US 
245 1 0 |a IEEE transactions on systems, man, an cybernetics 
264 1 |a New York  |b Institute of Electrical and Electronics Engineers